| 000 | 00590nam a22001937i 4500 | ||
|---|---|---|---|
| 999 |
_c23254 _d23254 |
||
| 003 | AR-CdUCM | ||
| 008 | 250409b20192019 pe||||| |||| 00| 0 spa d | ||
| 040 |
_aMUNICIPALIDAD PROVINCIAL DEL CUSCO _cBIBLIOTECA MUNICIPAL DEL CUSCO |
||
| 041 | _hspa | ||
| 082 |
_aPI / 869.56 / C75 _bC75 |
||
| 100 |
_aAnónimo / _917814 |
||
| 245 |
_aA Christmas story : _bReindeer! / |
||
| 260 |
_bClever Factory _c2019 |
||
| 300 |
_a16 páginas. : _bIlustraciones _c|21x15 cm. |
||
| 650 |
_aLiteratura Infantil _9588 |
||
| 650 |
_aPrimera infancia _924660 |
||
| 942 |
_2ddc _cLIBROS |
||
| 945 |
_apbjr _d9-04-2025 |
||